Universities: The Management Challenge, (Record no. 6014)
[ view plain ]
| 005 - DATE AND TIME OF LATEST TRANSACTION | |
|---|---|
| control field | 20250628130353.0 |
| 020 ## - INTERNATIONAL STANDARD BOOK NUMBER | |
| International Standard Book Number | 0 7005 0609 8 |
| 082 ## - DEWEY DECIMAL CLASSIFICATION NUMBER | |
| Classification number | 378.41LOC. |
| 100 ## - MAIN ENTRY--PERSONAL NAME | |
| Author name | LOCKWOOD, G. |
| 245 ## - TITLE STATEMENT | |
| Title | Universities: The Management Challenge, |
| 260 ## - PUBLICATION, DISTRIBUTION, ETC. | |
| Place of publication, distribution, etc. | New York, |
| Name of publisher, distributor, etc. | The NFER-NELSON Publishing Limited, |
| Date of publication, distribution, etc. | 1985. |
| 300 ## - PHYSICAL DESCRIPTION | |
| Extent | xii.; 360p.; Ill.; picture, |
| Other physical details | Index, |
| Dimensions | 23cm. |
| 700 ## - ADDED ENTRY--PERSONAL NAME | |
| Other authors/Editors | Davies, j. |
| 942 ## - ADDED ENTRY ELEMENTS (KOHA) | |
| Source of classification or shelving scheme | Dewey Decimal Classification |
| Koha item type | Books |
| Date last seen | Total checkouts | Full call number | Barcode | Cost, replacement price | Price effective from | Koha item type | Lost status | Source of classification or shelving scheme | Damaged status | Not for loan | Withdrawn status | Home library | Current library | Shelving location | Date acquired | Cost, normal purchase price |
|---|---|---|---|---|---|---|---|---|---|---|---|---|---|---|---|---|
| 06/28/2025 | 378.41LOC | DOM0001171 | 90000.00 | 06/28/2025 | Books | Dewey Decimal Classification | CBE Dodoma | CBE Dodoma | General Collection | 06/27/2004 | 30000.00 |
